| 000 | 02294cam a22003015a 4500 | ||
|---|---|---|---|
| 001 | 17881892 | ||
| 005 | 20180128104100.0 | ||
| 008 | 130910t2015 paua frb 001 0 eng d | ||
| 020 | _a1469855712 | ||
| 020 | _a9781469855714 | ||
| 040 |
_aDNLM/DLC _beng _cDLC _dEG-ScBUE _dEG-ScBUE |
||
| 082 | 0 | 4 |
_a362.173068 _bMAR _222 |
| 100 | 1 |
_aMarquis, Bessie L. _938730 |
|
| 245 | 1 | 0 |
_aLeadership roles and management functions in nursing : _btheory and application / _cBessie L. Marquis, Carol J. Huston. |
| 250 | _a8th ed., Interneational ed. | ||
| 260 |
_aPhiladelphia : _bWolters Kluwer Health / Lippincott Williams & Wilkins, _cc.2015. |
||
| 300 |
_axxiv, 655 p. : _bill. (col.) ; _c26 cm. |
||
| 500 | _aIndex : p. 637-655. | ||
| 500 | _aVisit "http://thepoint.lwww.com/activate" for resoures for students and instructors. | ||
| 504 | _aIncludes bibliographical references. | ||
| 505 | 0 | _aDecision making, problem solving, critical thinking, and clinical reasoning : requisites for successful leadership and management -- Classical views of leadership and management -- Twenty-first century thinking about leadership and management -- Ethical issues -- Legal and legislative issues -- Patient, subordinate, and professional advocacy -- Strategic and operational planning -- Planned change -- Time management -- Fiscal planning -- Career development : from new graduate to retirement -- Organizational structure -- Organizational, political, and personal power -- Organizing patient care -- Employee recruitment, selection, placement, and indoctrination -- Socializing and educating staff for team building in a learning organization -- Staffing needs and scheduling policies -- Creating a motivating climate -- Organizational, interpersonal, and group communication -- Delegation -- Effective conflict resolution and negotiation -- Collective bargaining, unionization, and employment laws -- Quality control -- Performance appraisal -- Problem employees : rule breakers, marginal employees, and the chemically or psychologically impaired. | |
| 650 | 7 |
_aNursing services _xAdministration. _2BUEsh _932499 |
|
| 651 | _2BUEsh | ||
| 653 |
_bNNUR _cJuly2015 _cNovember2015 _cDecember2015 _cJanuary2016 _cMay2016 |
||
| 655 |
_vText book _933728 |
||
| 700 | 1 | _aHuston, Carol Jorgensen. | |
| 942 | _2ddc | ||
| 999 |
_c20198 _d20170 |
||